| 000 | 00434nam a2200169Ia 4500 | ||
|---|---|---|---|
| 008 | 221030s9999 xx 000 0 und d | ||
| 020 | _a8122411509 | ||
| 041 | _aEnglish | ||
| 082 |
_a105.23 _bKak |
||
| 100 | _aS. L. Kakani | ||
| 245 | 0 | _aText Book of Electronics ( DEPARTMENTAL ) | |
| 260 |
_bNew Age International Pub. _aNew Delhi _c1998 |
||
| 300 | _a582 | ||
| 650 | _aECE Departmental | ||
| 700 | _aK. C. Bhandari | ||
| 942 | _cBK | ||
| 999 |
_c424 _d424 |
||